| 000 | 01693nam a2200301Ia 4500 | ||
|---|---|---|---|
| 999 |
_c41606 _d41606 |
||
| 001 | 8275 | ||
| 003 | GE_BSU | ||
| 005 | 20240426120127.0 | ||
| 008 | 181216s2012||||ge |||||||||||||| ||geo|| | ||
| 020 | _a978-9941-15-6120 | ||
| 040 | _cGE_BSU | ||
| 041 | _ageo | ||
| 080 | _a913(479.22)(072)+913(100)(072) ბ–75 | ||
| 100 |
_aბლიაძე,მაია, გია _921956 |
||
| 245 |
_aსაქართველოსა და მსოფლიოს გეოგრაფია X კლასი : _bმასწავლებლის წიგნი / _cმაია ბლიაძე, გია ჭანტურია, დავით კერესელიძე ; რედ. დიანა ყასუმაშვილი. |
||
| 250 | _aI-ლი გამოცემა | ||
| 264 |
_aთბილისი : _bბაკურ სულაკაურის გამ-ბა, _c2012. |
||
| 300 |
_a302 გვ. : _bილ.; _c27სმ. |
||
| 500 | _a საქ. სახელმწ. გერბი და ჰიმნი "თავისუფლება" | ||
| 501 | _aრუკები და ცხრილები : გვ. 279-302 | ||
| 541 | _h7ლ. | ||
| 653 | _aსაქართველოსა და მსოფლიოს გეოგრაფია | ||
| 700 |
_aჭანტურია, გია _eავტორი _93574 |
||
| 700 |
_aკერესელიძე, დავით _eავტორი _99318 |
||
| 700 |
_aსეფერთელაძე, ზურაბ _eავტორი _910191 |
||
| 700 |
_aყასუმაშვილი, დიანა _eრედაქტორი _921957 |
||
| 942 |
_cBK _2udc |
||